banner koha

Comportamento de cultivares de morango (Fragaria x ananassa Duch)na região de Alto Uruguai do Rio Grande do Sul (Registro n. 174504)

MARC details
000 -LÍDER
campo de controle de tamanho fixo 01037nas a2200325 4500
001 - NÚMERO DE CONTROLE
campo de controle BR0302150
003 - IDENTIFICADOR DO NÚMERO DE CONTROLE
campo de controle BR-BrBNA
005 - DATA E HORÁRIO DA ÚLTIMA TRANSAÇÃO
campo de controle 20231205103738.0
007 - CAMPO FIXO DE DESCRIÇÃO FÍSICA--INFORMAÇÃO GERAL
campo de controle de tamanho fixo ta
008 - CAMPO DE DADOS FIXOS--INFORMAÇÃO GERAL
campo de controle de tamanho fixo 230509b bl.|||p| |||| 00| 00por d
040 ## - FONTE DA CATALOGAÇÃO
Instituição da catalogação original BR-BrBNA
Idioma da catalogação por
Instituição que transcreveu o registro Biblioteca Nacional de Agricultura
041 ## - CÓDIGO DE IDIOMA
Código do idioma do texto/trilha sonora ou título diferente (Pt)
072 ## - CÓDIGO DE CATEGORIA DE ASSUNTO
Código de Categoria de Assunto F30
100 1# - ENTRADA PRINCIPAL--NOME PESSOAL
Nome pessoal Cansian, R.L.
100 1# - ENTRADA PRINCIPAL--NOME PESSOAL
Nome pessoal Mossi, A.J.
100 1# - ENTRADA PRINCIPAL--NOME PESSOAL
Nome pessoal Leontiev-Orlov, O.
100 1# - ENTRADA PRINCIPAL--NOME PESSOAL
Nome pessoal Barbieri, C.
100 1# - ENTRADA PRINCIPAL--NOME PESSOAL
Nome pessoal Murtelle, G.
100 1# - ENTRADA PRINCIPAL--NOME PESSOAL
Nome pessoal Pauletti, G.
100 1# - ENTRADA PRINCIPAL--NOME PESSOAL
Nome pessoal Rota, L.
245 1# - TÍTULO
Título Comportamento de cultivares de morango (Fragaria x ananassa Duch)na região de Alto Uruguai do Rio Grande do Sul
650 ## - ASSUNTO--TERMO TÓPICO
Cabeçalho tópico ou nome geográfico MORANGO
650 ## - ASSUNTO--TERMO TÓPICO
Cabeçalho tópico ou nome geográfico VARIEDADE
650 ## - ASSUNTO--TERMO TÓPICO
Cabeçalho tópico ou nome geográfico COMPORTAMENTO DE VARIEDADE
650 ## - ASSUNTO--TERMO TÓPICO
Cabeçalho tópico ou nome geográfico RIO GRANDE DO SUL
773 0# - ENTRADA ANALÍTICA
Título Revista Brasileira de Agrociência (Brazil)
ISSN - International Standard Serial Number ISSN 0104-8996
Partes relacionadas (May-Aug 2002), v. 8(2) p. 103-105
Número de controle do registro BR0302150
856 40 - LOCALIZAÇÃO ELETRÔNICA E ACESSO
Uniform Resource Identifier <a href="http://www.ufpel.tche.br/faem/agrociencia/v8n2/artigo03.pdf">http://www.ufpel.tche.br/faem/agrociencia/v8n2/artigo03.pdf</a>
909 ## -
-- 202311
-- Lúcia
-- 55
-- Lúcia Elande
942 ## - ELEMENTOS DE ENTRADA ADICIONADOS (KOHA)
Fonte da classificação ou esquema de arquivamento na estante Classificação AGRIS
Ocultar no OPAC Não
Tipo de material Koha Analítica
Exemplares
Situação do descarte Fonte da classificação ou esquema de arquivamento na estante Situação física Não pode ser emprestado Biblioteca de origem Biblioteca atual Localização na estante Enumeração do periódico / cronologia Total de empréstimos Data de último acesso Número do exemplar Tipo de material Koha Fonte de aquisição
  Classificação AGRIS   Consulta local Biblioteca Nacional de Agricultura - Binagri Biblioteca Nacional de Agricultura - Binagri   (May-Aug 2002), v. 8(2) p. 103-105   29/11/2023 01 Periódicos Portaria Interministerial nº 164/94

BINAGRI

Telefone: (61)3218-2567/2388/3357/2097 - binagri@agro.gov.br

Ministério da Agricultura e Pecuária , Esplanada dos Ministérios, Bloco D, Anexo B, Brasília/DF, CEP: 70.043-900